| 000 | 00755cam a22002174a 4500 | ||
|---|---|---|---|
| 999 |
_c57437 _d57437 |
||
| 001 | 12364085 | ||
| 005 | 20221105220624.0 | ||
| 008 | 010330s2016 paua 001 0 eng | ||
| 020 | _a9780323225526 1 | ||
| 041 | _aeng | ||
| 080 | _a618(059)+616 B-15 | ||
| 100 | 1 |
_aBaggish, Michael S. _98633 |
|
| 245 | 1 | 0 |
_aAtlas of pelvic anatomy and gynecologic surgery / _cMichael S. Baggish, Mickey M. Karram ; illustrated by Joe Chovan. |
| 264 |
_aPhiladelphia, Pa. : _bW.B. Saunders, _c2016. |
||
| 300 |
_a1382 p. : _bill. (chiefly col.) ; _c31 cm. |
||
| 653 | _aგინეკოლოგია | ||
| 653 | _aმედიცინა | ||
| 653 | _aქირურგია | ||
| 700 | 1 |
_aKarram, Mickey M. _98639 _eავტორი |
|
| 942 |
_2udc _cBK |
||